书目信息 |
| 题名: |
硅酸盐热力学
|
|
| 作者: | 巴布什金 , 马特维耶夫 , 别特罗骧 编著 ;蒲心诚 , 曹建华 译 | |
| 分册: | ||
| 出版信息: | 北京 中国建筑工业出版社 1983 |
|
| 页数: | 381页 | |
| 开本: | 21cm | |
| 丛书名: | ||
| 单 册: | ||
| 中图分类: | O642.1 | |
| 科图分类: | ||
| 主题词: | 物理化学 , 量子化学 | |
| 电子资源: | ||
| ISBN: | ||
| 000 | 00968nam0 2200301 45 | |
| 001 | 0183004837 | |
| 005 | 20040910085021.5 | |
| 010 | @dCNY2.00 | |
| 091 | @a15040.4392 | |
| 100 | @a19950810d1983 em y0chiy0121 ea | |
| 101 | 1 | @achi@crus |
| 102 | @aCN@b110000 | |
| 105 | @ay 000yy | |
| 106 | @ar | |
| 200 | 10 | @a硅酸盐热力学@Agui suan yan re li xue@f(苏)В·И·巴布什金,Г·М·马特维耶夫编著@f(苏)О·П·М·别特罗骧主编@F(Su)В·И·Ba Bu Shen Jin,Г·М·Ma Te Wei Ye Fu Bian Zhu@F(Su)О·П·М·Bie Te Luo Xiang Zhu Bian@g蒲心诚,曹建华译 |
| 210 | @a北京@c中国建筑工业出版社@d1983 | |
| 215 | @a381页@d21cm | |
| 606 | 0 | @a物理化学 |
| 606 | 0 | @a量子化学 |
| 690 | @aO642.1 | |
| 701 | 0 | @a巴布什金@4编著 |
| 701 | 0 | @a马特维耶夫@4编著 |
| 701 | 0 | @a别特罗骧@4主编 |
| 702 | 0 | @a蒲心诚@Apu xin cheng@4译 |
| 702 | 0 | @a曹建华@Acao jian hua@4译 |
| 801 | 0 | @aCN@b上海图书馆@c20040910 |
| 801 | 2 | @aCN@bNLC@c20040910 |
| 905 | @f1@b82830@dO642.1@e12 | |
| 硅酸盐热力学/(苏)В·И·巴布什金,Г·М·马特维耶夫编著/(苏)О·П·М·别特罗骧主编/蒲心诚,曹建华译.-北京:中国建筑工业出版社,1983 |
| 381页;21cm |
| ISBN :CNY2.00 |
| ● |
| 相关链接 |
|
|
|
|
正题名:硅酸盐热力学
索取号:O642.1/12
 
预约/预借
| 序号 | 登录号 | 条形码 | 馆藏地/架位号 | 状态 | 备注 |
| 1 | 0082830 | 001951294 | 第三借阅区/ [索取号:O642.1/12] | 在馆 | |
| 2 | 0082831 | 000342338 | 第二样本阅览室/ [索取号:O642.1/12] | 在馆 |